[Event "SVK-chT2B 1920"]
[Site "Slovakia"]
[Date "2019.10.26"]
[Round "1.3"]
[White "Stehlik, Peter"]
[Black "Berek, Geza"]
[Result "0-1"]
[WhiteElo "2024"]
[BlackElo "2157"]
[PlyCount "76"]
[EventDate "2019.10.26"]
[EventType "team-tourn"]
[EventRounds "11"]
[EventCountry "SVK"]
[SourceTitle "CBM 193 Extra"]
[Source "ChessBase"]
[SourceDate "2020.01.31"]
[SourceVersion "1"]
[SourceVersionDate "2020.01.31"]
[SourceQuality "1"]
[WhiteTeam "Nitra ASK"]
[BlackTeam "Levice"]
[WhiteTeamCountry "SVK"]
[BlackTeamCountry "SVK"]

1. Nf3 g6 2. e4 Bg7 3. d4 d6 4. Nc3 Nf6 5. Be2 0-0 6. 0-0 Bg4 7. h3 Bxf3 8. Bxf3 Nc6 9. Be3 e5 10. d5 Ne7 11. Ne2 Nd7 12. c4 f5 13. g3 a5 14. Qc2 Nc5 15. Kg2 Rf7 16. a3 a4 17. Nc3 Nb3 18. Rad1 Qd7 19. Nb5 b6 20. Bg5 Raf8 21. exf5 gxf5 22. Bh5 Ng6 23. f4 Kh8 24. Rfe1 Rg8 25. Bxg6 hxg6 26. fxe5 Bxe5 27. Rxe5 dxe5 28. Qc3 Kh7 29. Qxe5 Re8 30. Qf4 Re4 31. Qf1 Qe8 32. Nc3 Re5 33. h4 Nc5 34. Qf3 Ne4 35. Bf4 Nxc3 36. Qxc3 Re2+ 37. Kh3 Qe4 38. Rg1 g5 0-1

[Event "SVK-chT1W 1718"]
[Site "Slovakia"]
[Date "2017.12.02"]
[Round "5.4"]
[White "Ondrus, Martin"]
[Black "Stehlik, Peter"]
[Result "0-1"]
[WhiteElo "2261"]
[BlackElo "2041"]
[PlyCount "158"]
[EventDate "2017.10.21"]
[EventType "team-tourn"]
[EventRounds "11"]
[EventCountry "SVK"]
[SourceTitle "EXT 2019"]
[Source "ChessBase"]
[SourceDate "2018.10.10"]
[SourceVersion "1"]
[SourceVersionDate "2018.10.10"]
[SourceQuality "1"]
[WhiteTeam "Nitra NSK"]
[BlackTeam "Nitra ASK"]
[WhiteTeamCountry "SVK"]
[BlackTeamCountry "SVK"]

1. e4 e5 2. Nf3 Nc6 3. Bc4 Bc5 4. c3 Nf6 5. d3 0-0 6. b4 Bb6 7. a4 a6 8. Bg5 h6 9. Bh4 d6 10. Nbd2 Qe7 11. 0-0 Be6 12. Re1 g5 13. Bg3 Nd7 14. a5 Ba7 15. Qb3 Kg7 16. Nf1 Rae8 17. Ne3 Bxe3 18. Rxe3 Bxc4 19. Qxc4 Qe6 20. Qxe6 Rxe6 21. Nd2 Nf6 22. Nb3 Rfe8 23. f3 Nh5 24. Be1 Ne7 25. d4 c6 26. dxe5 d5 27. Nc5 Rxe5 28. c4 d4 29. Rb3 Nf4 30. g3 Ne6 31. Nxb7 f5 32. Rd1 Rb8 33. Nd6 fxe4 34. Nxe4 Rxa5 35. Rbd3 Ra4 36. Bd2 Ng6 37. Rb3 Ne5 38. f4 Nxc4 39. fxg5 hxg5 40. Nxg5 Nxg5 41. Bxg5 c5 42. Be7 Raxb4 43. Rxb4 cxb4 44. Bc5 d3 45. Rxd3 b3 46. Rd7+ Kg6 47. Bd4 b2 48. Bxb2 Rxb2 49. Rc7 Ne5 50. h4 Ra2 51. Rc5 Nf3+ 52. Kf1 a5 53. Rc3 Nd2+ 54. Ke1 Ne4 55. Re3 Kf5 56. Kd1 a4 57. Kc1 Nc5 58. Rc3 Nb3+ 59. Kb1 Rg2 60. h5 Kg5 61. g4 Rxg4 62. Kb2 Kxh5 63. Ka3 Kg5 64. Rc8 Kf5 65. Rh8 Ke5 66. Rd8 Nc5 67. Re8+ Kd5 68. Rh8 Kc4 69. Rc8 Rg3+ 70. Ka2 Rb3 71. Rh8 Kc3 72. Rc8 Rb5 73. Ka3 Rb3+ 74. Ka2 Kd4 75. Rd8+ Kc4 76. Rc8 Rh3 77. Rb8 Na6 78. Rb6 Nb4+ 79. Kb1 Kc3 0-1

[Event "SVK-chT1W 1516"]
[Site "Slovakia"]
[Date "2016.01.23"]
[Round "7.3"]
[White "Hanko, Pavol"]
[Black "Stehlik, Peter"]
[Result "1-0"]
[WhiteElo "2144"]
[BlackElo "2016"]
[PlyCount "91"]
[EventDate "2015.10.24"]
[EventType "team-tourn"]
[EventRounds "11"]
[EventCountry "SVK"]
[SourceTitle "EXT 2017"]
[Source "ChessBase"]
[SourceDate "2016.10.25"]
[SourceVersion "1"]
[SourceVersionDate "2016.10.25"]
[SourceQuality "1"]
[WhiteTeam "Prievidza"]
[BlackTeam "Nitra Trogar"]
[WhiteTeamCountry "SVK"]
[BlackTeamCountry "SVK"]

1. d4 Nf6 2. Nf3 e6 3. c4 Bb4+ 4. Bd2 Qe7 5. g3 b6 6. Bg2 Bb7 7. 0-0 Bxd2 8. Nbxd2 0-0 9. Re1 d5 10. Ne5 Nbd7 11. Rc1 c5 12. Nxd7 Nxd7 13. e4 dxe4 14. Nxe4 cxd4 15. Qxd4 Rad8 16. Qe3 Bxe4 17. Bxe4 Nf6 18. Bg2 Qc5 19. a3 Qxe3 20. Rxe3 Rd2 21. b4 Ng4 22. Rec3 Nxf2 23. c5 Nd3 24. Rb1 Ne5 25. c6 Ng6 26. c7 Ne7 27. Bb7 Nc8 28. a4 f6 29. a5 Rd6 30. axb6 Rxb6 31. Bxc8 Rxc8 32. Rd1 Kf7 33. Rd8 Rxc7 34. Rxc7+ Kg6 35. Rdd7 Rxb4 36. Rxg7+ Kf5 37. Rxa7 h5 38. Rh7 Kg4 39. Ra1 Rb2 40. Rf1 f5 41. Rf2 Rb1+ 42. Kg2 Kg5 43. h4+ Kg6 44. Ra7 Rb3 45. Ra6 Kf6 46. Re2 1-0

[Event "SVK-chT1W 1516"]
[Site "Slovakia"]
[Date "2015.11.14"]
[Round "3.6"]
[White "Stehlik, Peter"]
[Black "Gombar, Peter"]
[Result "1/2-1/2"]
[WhiteElo "2016"]
[BlackElo "1975"]
[PlyCount "86"]
[EventDate "2015.10.24"]
[EventType "team-tourn"]
[EventRounds "11"]
[EventCountry "SVK"]
[SourceTitle "CBM 170 Extra"]
[Source "ChessBase"]
[SourceDate "2016.02.25"]
[SourceVersion "1"]
[SourceVersionDate "2016.02.25"]
[SourceQuality "1"]
[WhiteTeam "Nitra Trogar"]
[BlackTeam "Povazska Bystrica"]
[WhiteTeamCountry "SVK"]
[BlackTeamCountry "SVK"]

1. Nf3 d5 2. d4 Nf6 3. g3 e6 4. Bg2 Be7 5. c4 dxc4 6. Nc3 0-0 7. Ne5 c5 8. e3 Qc7 9. Qa4 Na6 10. Nb5 Qb6 11. Nxc4 Qd8 12. 0-0 Nd5 13. Qb3 Nac7 14. Nxc7 Qxc7 15. e4 Nb6 16. Bf4 Qd8 17. d5 Nxc4 18. Qxc4 exd5 19. exd5 Bd6 20. Rac1 b6 21. b4 cxb4 22. Bxd6 Qxd6 23. Qc6 Qxc6 24. dxc6 a5 25. c7 Ra7 26. Rfd1 g6 27. Rd6 a4 28. Rxb6 b3 29. axb3 a3 30. Rb4 Re8 31. Ra4 Rxc7 32. Ra1 Bb7 33. R4xa3 Bxg2 34. Kxg2 Rb7 35. Rd1 Reb8 36. Rd3 Rc8 37. Kh3 Rc2 38. Rf3 Rb2 39. Kg4 Kg7 40. h4 h5+ 41. Kh3 Kh6 42. Kg2 Kg7 43. Kf1 Rc7 1/2-1/2

[Event "Tatry op"]
[Site "Tatranske Zruby"]
[Date "2014.10.03"]
[Round "7"]
[White "Sikorova, Olga"]
[Black "Stehlik, Peter"]
[Result "1/2-1/2"]
[WhiteElo "2282"]
[BlackElo "2033"]
[PlyCount "187"]
[EventDate "2014.09.28"]
[EventType "swiss"]
[EventRounds "9"]
[EventCountry "SVK"]
[SourceTitle "CBM 162 Extra"]
[Source "ChessBase"]
[SourceDate "2014.10.17"]
[SourceVersion "1"]
[SourceVersionDate "2014.10.17"]
[SourceQuality "1"]

1. f4 d5 2. Nf3 Nf6 3. b3 g6 4. Bb2 Bg7 5. e3 c5 6. Bb5+ Bd7 7. Bxd7+ Qxd7 8. 0-0 Nc6 9. Ne5 Qc7 10. Nxc6 Qxc6 11. d3 e6 12. Nd2 0-0 13. a4 Rad8 14. Qf3 Ne8 15. Bxg7 Nxg7 16. e4 Qb6 17. Kh1 Qb4 18. Rf2 Qc3 19. Rc1 a6 20. g4 f5 21. gxf5 exf5 22. exd5 b5 23. axb5 axb5 24. Nb1 Qd4 25. c4 Rfe8 26. Nc3 Re3 27. Qg2 b4 28. Nb5 Qxd3 29. d6 Ne6 30. Qd5 Qe4+ 31. Qxe4 Rxe4 32. Rcf1 Nd4 33. Nxd4 Rxd4 34. Re1 R4xd6 35. Re5 Rd3 36. Rxc5 Rxb3 37. Rb5 Rc8 38. c5 Kg7 39. Kg2 Rc3 40. Rxb4 R8xc5 41. Rb7+ Rc7 42. Rxc7+ Rxc7 43. h3 Kh6 44. Rf3 Kh5 45. Kg3 Rc1 46. Ra3 Rb1 47. Rc3 h6 48. Rc5 Rb3+ 49. Kg2 Kh4 50. Rc6 Rg3+ 51. Kf2 Kxh3 52. Rb6 Kh4 53. Ra6 Rg4 54. Kf3 h5 55. Rb6 g5 56. fxg5 Kxg5 57. Rb8 Rf4+ 58. Kg2 Kh4 59. Rf8 Rg4+ 60. Kf3 Kg5 61. Rg8+ Kf6 62. Rf8+ Kg6 63. Rh8 Ra4 64. Rg8+ Kf6 65. Rf8+ Kg5 66. Rg8+ Kh4 67. Rf8 Ra5 68. Rh8 Ra1 69. Kg2 Kg4 70. Rg8+ Kf4 71. Rh8 Ra2+ 72. Kg1 Kf3 73. Rxh5 Ra1+ 74. Kh2 f4 75. Rh3+ Kf2 76. Rb3 Re1 77. Rb4 f3 78. Rb3 Re2 79. Kh3 Rd2 80. Ra3 Ke2 81. Ra8 Ke1 82. Ra1+ Ke2 83. Ra8 Rd3 84. Ra2+ Rd2 85. Ra8 Kf2 86. Ra1 Rd7 87. Ra2+ Ke3 88. Ra3+ Ke2 89. Ra2+ Rd2 90. Ra1 Rd1 91. Ra2+ Ke1 92. Kg3 Rd3 93. Rf2 Kd1 94. Rxf3 1/2-1/2

[Event "Tatry op"]
[Site "Tatranske Zruby"]
[Date "2014.10.02"]
[Round "6"]
[White "Lanc, Alois"]
[Black "Stehlik, Peter"]
[Result "1-0"]
[WhiteElo "2363"]
[BlackElo "2033"]
[PlyCount "103"]
[EventDate "2014.09.28"]
[EventType "swiss"]
[EventRounds "9"]
[EventCountry "SVK"]
[SourceTitle "CBM 162 Extra"]
[Source "ChessBase"]
[SourceDate "2014.10.17"]
[SourceVersion "1"]
[SourceVersionDate "2014.10.17"]
[SourceQuality "1"]

1. d4 Nf6 2. Nc3 d5 3. Bg5 Bf5 4. f3 Nbd7 5. Qd2 c6 6. 0-0-0 Qa5 7. e4 Be6 8. e5 Ng8 9. Qe1 0-0-0 10. Kb1 g6 11. Nge2 f6 12. Bd2 Bh6 13. Bxh6 Nxh6 14. Nf4 Bg8 15. Ncxd5 Qxe1 16. Nxe7+ Kb8 17. Rxe1 fxe5 18. Nxg8 Nxg8 19. Ne6 Re8 20. Ng5 Nh6 21. dxe5 Rxe5 22. Rxe5 Nxe5 23. Bd3 Nxd3 24. cxd3 Nf5 25. Re1 h6 26. Nf7 Rf8 27. Ne5 Rg8 28. Kc2 Rg7 29. Kc3 c5 30. g4 Nd6 31. a4 Kc7 32. d4 cxd4+ 33. Kxd4 Kd8 34. f4 Nf7 35. Nc4 Kd7 36. b4 Rg8 37. h4 Rg7 38. Ne5+ Kd6 39. Rc1 Nd8 40. Ke4 Nc6 41. Rd1+ Ke6 42. f5+ gxf5+ 43. gxf5+ Kf6 44. Rd6+ Ke7 45. Rxh6 Rg1 46. Rh7+ Kf8 47. Nxc6 bxc6 48. Rxa7 Rg4+ 49. Ke5 Rxh4 50. Rb7 c5 51. a5 Rh6 52. b5 1-0

[Event "Tatry op"]
[Site "Tatranske Zruby"]
[Date "2014.10.01"]
[Round "5"]
[White "Stehlik, Peter"]
[Black "Privara, Igor"]
[Result "1-0"]
[WhiteElo "2033"]
[BlackElo "2205"]
[PlyCount "113"]
[EventDate "2014.09.28"]
[EventType "swiss"]
[EventRounds "9"]
[EventCountry "SVK"]
[SourceTitle "CBM 162 Extra"]
[Source "ChessBase"]
[SourceDate "2014.10.17"]
[SourceVersion "1"]
[SourceVersionDate "2014.10.17"]
[SourceQuality "1"]

1. d4 Nf6 2. Nf3 e6 3. g3 d5 4. Bg2 c5 5. c4 Nc6 6. cxd5 exd5 7. Nc3 Be7 8. 0-0 0-0 9. Bf4 c4 10. Ne5 Be6 11. Nxc6 bxc6 12. e4 Qa5 13. Qc2 Rfd8 14. Rfd1 Rac8 15. Rac1 Rd7 16. e5 Ne8 17. Bd2 Qb6 18. Be3 g6 19. Rd2 Ng7 20. f3 Bf5 21. Qd1 Ne6 22. Bf1 c5 23. Na4 Qa5 24. g4 cxd4 25. gxf5 dxe3 26. fxe6 exd2 27. exd7 Rd8 28. Rb1 Rxd7 29. Kh1 Bg5 30. Nc3 Bf4 31. Bh3 Re7 32. e6 fxe6 33. Qe2 Kf7 34. Rg1 Qb6 35. Rg4 Qe3 36. Qxe3 Bxe3 37. Nd1 d4 38. Re4 e5 39. Bf1 Rc7 40. Be2 Bf4 41. Kg2 c3 42. bxc3 dxc3 43. Rc4 Rxc4 44. Bxc4+ Ke7 45. Nxc3 Kd6 46. Ne4+ Kc6 47. Be2 Kd5 48. h3 Kd4 49. Kf2 Be3+ 50. Kf1 g5 51. Nd6 Bf4 52. Nb5+ Kc5 53. Nxa7 Kb4 54. Bd1 Ka3 55. Bb3 d1Q+ 56. Bxd1 Kxa2 57. Ke2 1-0

[Event "SVK-chT2C 1213"]
[Site "Slovakia"]
[Date "2013.03.16"]
[Round "10.4"]
[White "Nemec, Anton"]
[Black "Stehlik, Peter"]
[Result "0-1"]
[WhiteElo "2098"]
[BlackElo "1967"]
[PlyCount "50"]
[EventDate "2012.10.13"]
[EventType "team-tourn"]
[EventRounds "11"]
[EventCountry "SVK"]
[SourceTitle "EXT 2015"]
[Source "ChessBase"]
[SourceDate "2014.11.20"]
[SourceVersion "1"]
[SourceVersionDate "2014.11.20"]
[SourceQuality "1"]
[WhiteTeam "Zilina DMS"]
[BlackTeam "Detva Podpolanie"]
[WhiteTeamCountry "SVK"]
[BlackTeamCountry "SVK"]

1. e4 c5 2. Nf3 d6 3. d4 cxd4 4. Nxd4 Nf6 5. Nc3 a6 6. Be2 e5 7. Nb3 Be7 8. 0-0 0-0 9. f4 Qc7 10. Be3 exf4 11. Bxf4 Nc6 12. Bg5 Be6 13. Qd2 b5 14. a3 Rad8 15. Nd4 Nxd4 16. Qxd4 d5 17. Bf4 Qc8 18. Qe5 d4 19. Nd5 Nxd5 20. exd5 Bf6 21. Qc7 Bxd5 22. Bd3 Qg4 23. Bg3 Bg5 24. h3 Be3+ 25. Kh2 Qe6 0-1

[Event "SVK-chT2C 1213"]
[Site "Slovakia"]
[Date "2012.12.15"]
[Round "5.2"]
[White "Martinka, Tomas"]
[Black "Stehlik, Peter"]
[Result "0-1"]
[WhiteElo "1552"]
[BlackElo "1967"]
[PlyCount "40"]
[EventDate "2012.10.13"]
[EventType "team-tourn"]
[EventRounds "11"]
[EventCountry "SVK"]
[SourceTitle "EXT 2015"]
[Source "ChessBase"]
[SourceDate "2014.11.20"]
[SourceVersion "1"]
[SourceVersionDate "2014.11.20"]
[SourceQuality "1"]
[WhiteTeam "Detva Garde"]
[BlackTeam "Detva Podpolanie"]
[WhiteTeamCountry "SVK"]
[BlackTeamCountry "SVK"]

1. c4 Nf6 2. Nc3 c6 3. Nf3 d5 4. cxd5 cxd5 5. d4 Nc6 6. g3 Bf5 7. a3 e6 8. Bg2 h6 9. 0-0 Bd6 10. Bd2 Rc8 11. Rc1 g5 12. e3 Ne4 13. Nb5 Bb8 14. Nc3 h5 15. Nxe4 Bxe4 16. Bc3 h4 17. Ne5 Bxg2 18. Nxc6 Rxc6 19. Kxg2 Qf6 20. Qf3 h3+ 0-1

[Event "SVK-chT2C 1112"]
[Site "Slovakia"]
[Date "2011.10.09"]
[Round "2.6"]
[White "Stehlik, Peter"]
[Black "Nemec, Anton"]
[Result "1-0"]
[WhiteElo "1934"]
[BlackElo "2120"]
[PlyCount "45"]
[EventDate "2011.10.08"]
[EventType "team-tourn"]
[EventRounds "11"]
[EventCountry "SVK"]
[SourceTitle "EXT 2013"]
[Source "ChessBase"]
[SourceDate "2012.11.22"]
[SourceVersion "1"]
[SourceVersionDate "2012.11.22"]
[SourceQuality "1"]
[WhiteTeam "Podpolanie Detva"]
[BlackTeam "Zilina DMS"]
[WhiteTeamCountry "SVK"]
[BlackTeamCountry "SVK"]

1. d4 Nf6 2. Nf3 g6 3. g3 Bg7 4. Bg2 0-0 5. c4 d6 6. 0-0 Nc6 7. Nc3 a6 8. e4 Bg4 9. Be3 Re8 10. h3 Bxf3 11. Qxf3 e5 12. d5 Nd4 13. Qd1 Nd7 14. h4 Rb8 15. h5 b5 16. cxb5 axb5 17. Ne2 f5 18. Bxd4 exd4 19. Nxd4 Bxd4 20. Qxd4 fxe4 21. hxg6 Qf6 22. gxh7+ Kxh7 23. Bxe4+ 1-0

[Event "SVK-chT2C 10/11"]
[Site "Slovakia"]
[Date "2011.03.05"]
[Round "8.4"]
[White "Stehlik, Peter"]
[Black "Turkova, Karolina"]
[Result "0-1"]
[WhiteElo "1921"]
[BlackElo "1917"]
[PlyCount "78"]
[EventDate "2010.10.23"]
[EventType "team-tourn"]
[EventRounds "11"]
[EventCountry "SVK"]
[SourceTitle "EXT 2019"]
[Source "ChessBase"]
[SourceDate "2018.10.10"]
[SourceVersion "1"]
[SourceVersionDate "2018.10.10"]
[SourceQuality "1"]
[WhiteTeam "Podpolanie"]
[BlackTeam "Liptov Chess School II"]
[WhiteTeamCountry "SVK"]
[BlackTeamCountry "SVK"]

1. d4 d5 2. Nf3 Nf6 3. g3 Bf5 4. Bg2 e6 5. 0-0 Nbd7 6. c4 c6 7. Qb3 Qb6 8. Nbd2 Be7 9. Re1 0-0 10. h3 Ne4 11. e3 h6 12. c5 Qc7 13. Nxe4 Bxe4 14. Bd2 Rab8 15. Qd1 b6 16. b4 bxc5 17. dxc5 Bf6 18. Nd4 Bxg2 19. Kxg2 e5 20. Nf5 e4 21. Rb1 Ne5 22. Bc3 Qd8 23. Qc2 Nf3 24. Red1 Be5 25. Bxe5 Nxe5 26. Nd4 Qc7 27. a4 Nd3 28. Rxd3 exd3 29. Qxd3 a5 30. bxa5 Rxb1 31. Qxb1 Rb8 32. Qb6 Rxb6 33. axb6 Qc8 34. a5 Kf8 35. a6 Qxa6 36. Nxc6 Qb5 37. Nb8 Ke8 38. c6 Qxb6 39. c7 Qxc7 0-1

[Event "SVK-chT2C 10/11"]
[Site "Slovakia"]
[Date "2010.12.04"]
[Round "3.5"]
[White "Jakubec, Milan"]
[Black "Stehlik, Peter"]
[Result "1-0"]
[WhiteElo "2073"]
[BlackElo "1921"]
[PlyCount "49"]
[EventDate "2010.10.23"]
[EventType "team-tourn"]
[EventRounds "11"]
[EventCountry "SVK"]
[SourceTitle "EXT 2019"]
[Source "ChessBase"]
[SourceDate "2018.10.10"]
[SourceVersion "1"]
[SourceVersionDate "2018.10.10"]
[SourceQuality "1"]
[WhiteTeam "Sklene Patriots CC"]
[BlackTeam "Podpolanie"]
[WhiteTeamCountry "SVK"]
[BlackTeamCountry "SVK"]

1. e4 c6 2. d4 d5 3. Nc3 dxe4 4. Nxe4 Nd7 5. Nf3 Ngf6 6. Nxf6+ Nxf6 7. h3 Bf5 8. Bc4 e6 9. c3 Be7 10. Qe2 0-0 11. 0-0 Re8 12. Ne5 Qc7 13. g4 Bg6 14. f4 Bd6 15. h4 h6 16. Nxg6 fxg6 17. Bd3 Nd5 18. Qe4 Qe7 19. g5 hxg5 20. fxg5 Rf8 21. Rxf8+ Rxf8 22. Qxg6 e5 23. Bf5 Nc7 24. Bd2 c5 25. Rf1 1-0

[Event "SVK-chT2C 10/11"]
[Site "Slovakia"]
[Date "2010.10.23"]
[Round "1.1"]
[White "Stehlik, Peter"]
[Black "Miklas, Marian"]
[Result "0-1"]
[WhiteElo "1921"]
[BlackElo "2139"]
[PlyCount "102"]
[EventDate "2010.10.23"]
[EventType "team-tourn"]
[EventRounds "11"]
[EventCountry "SVK"]
[SourceTitle "EXT 2019"]
[Source "ChessBase"]
[SourceDate "2018.10.10"]
[SourceVersion "1"]
[SourceVersionDate "2018.10.10"]
[SourceQuality "1"]
[WhiteTeam "Podpolanie"]
[BlackTeam "Banska Bystrica Kurta"]
[WhiteTeamCountry "SVK"]
[BlackTeamCountry "SVK"]

1. Nf3 c5 2. b3 Nf6 3. Bb2 e6 4. c4 Be7 5. e3 0-0 6. d4 cxd4 7. exd4 d5 8. Bd3 Nc6 9. 0-0 Bd7 10. Nc3 h6 11. Rc1 Rc8 12. cxd5 exd5 13. Ne5 Bd6 14. Re1 Re8 15. f4 Bb8 16. Bb1 Ne7 17. Ba3 Be6 18. Qf3 Nf5 19. Qd3 Nd6 20. g4 Nde4 21. h3 Nxc3 22. Rxc3 Ne4 23. Rxc8 Bxc8 24. Qf3 Qa5 25. b4 Qb6 26. Rxe4 dxe4 27. Qxe4 g6 28. Kg2 f5 29. Qd3 Bxe5 30. fxe5 Qd8 31. Bb2 Be6 32. Bc2 Kh7 33. Bc1 Rf8 34. Kh2 Qd7 35. Qd2 Qg7 36. Bb2 Qf7 37. Bb3 fxg4 38. d5 Bxd5 39. Bxd5 Qf2+ 40. Qxf2 Rxf2+ 41. Kg3 Rxb2 42. hxg4 Kg7 43. Bb3 Re2 44. Kf4 Re1 45. Bd5 b6 46. Bb3 Kf8 47. Bd5 Ke7 48. Bb3 Rf1+ 49. Ke3 g5 50. a3 Rf4 51. Bd1 Ke6 0-1